A rendetlenség rendje film/kép/esemény : Válogatott tanulmányok
Elmentve itt :
| Szerző: | |
|---|---|
| Adatforrás: | Philobibl |
| Dokumentumtípus: | Könyv |
| Nyelv: | magyar |
| Kulcsszavak: | filmesztétika filmelmélet esztétika |
| Megjelent: |
[Budapest]
Cserépfalvi
1996
|
| Sorozat: | Kontextus könyvek
|
| LEADER | 00492cam a2200169 c 4500 | ||
|---|---|---|---|
| 001 | bibPHI0041237 | ||
| 005 | 20200924124511.3 | ||
| 008 | 960711s1996 hu hun | ||
| 100 | 1 | |a Bíró Yvette | |
| 245 | 1 | 2 | |a A rendetlenség rendje |b film/kép/esemény : Válogatott tanulmányok |c Bíró Yvette |
| 260 | |a [Budapest] |b Cserépfalvi |c 1996 | ||
| 300 | |a 287 p. | ||
| 490 | 1 | |a Kontextus Könyvek | |
| 695 | |a filmesztétika | ||
| 695 | |a filmelmélet | ||
| 695 | |a esztétika | ||
| 830 | 0 | |a Kontextus könyvek | |